Escritos básicos; tomo 2 /

Guardado en:
Autor Principal: Russell, Bertrand
Formato: Libro
Publicado: España : Planeta / Agostini, 1985
Series:Obras maestras del pensamiento
Materias:
Etiquetas: Agregar Etiqueta
Sin Etiquetas, Sea el primero en etiquetar este registro!
LEADER 00631nam a22001815a 4500
001 CEM.cems007131
005 20060214000000.0
008 130507s1985##################000#0#####d
003 CEMS
082 0 4 |a 192 
100 1 |a Russell, Bertrand 
245 1 0 |a Escritos básicos; tomo 2 / 
260 |a España :  |b Planeta / Agostini,  |c 1985 
300 |a t.2, 293 p. 
490 0 |a Obras maestras del pensamiento 
505 0 |a Fil¢sofo de la educaci¢n, la pol¡tica, la econom¡a, historia, de la cultura, de la religi¢n; fil¢sofo y expositor de la ciencia.- 
653 |a Filosofia 
859 |a CEMS  |b BIB. CEMS - 11 de abril  |h 192  |i R911/2  |p 14390.86  |t Ej.1